| 000 | 00936nam a22002897a 4500 | ||
|---|---|---|---|
| 001 | 4508 | ||
| 003 | FISKH | ||
| 005 | 20240912134842.0 | ||
| 008 | 240912b cb ||||| |||| 00| 0 eng d | ||
| 020 | _a9780312508302 | ||
| 040 |
_aFISKH _beng _cFISKH _dFISKH |
||
| 050 | _aQC495.C64145215 | ||
| 082 | _a535.6 | ||
| 100 |
_aPriddy, Roger _eauthor |
||
| 245 |
_aColors (Bright Baby Touch and Feel) / _cby Roger Priddy |
||
| 250 | _aThis edition published 2009 | ||
| 260 |
_aNew York : _bMartin's Press ; _c2008. |
||
| 300 |
_a10 unnumbered pages : _bcolor illustrations ; _c20 cm . |
||
| 490 | _abright baby touch and feel | ||
| 505 | _aB | ||
| 520 | _aThis first learning book is an ideal introduction to colors and has exciting textures for your baby to touch and feel. | ||
| 521 | 8 |
_a40
_bLexile estimate |
|
| 521 | 8 |
_aB
_bRaz-Plus |
|
| 650 |
_acolor _vnon-fiction |
||
| 942 |
_2ddc _cBK _n0 |
||
| 999 |
_c4508 _d4508 |
||